| 000 | 01749nam a2200373 c 4500 | ||
|---|---|---|---|
| 003 | BLK | ||
| 005 | 20241023154540.0 | ||
| 008 | 180412b bul|||||r ||||||| ||bul|| | ||
| 010 | _aKNG00006661000 | ||
| 020 |
_a954-07-0638-6 _bиздат.: Унив. изд. Св. Климент Охридски |
||
| 040 | _aBLK | ||
| 041 |
_aBUL _cBUL |
||
| 080 |
_aИзпити. Ценз. Състезания, конкурси _b371.27 _x _z371.27 |
||
| 080 |
_aОбразование и статут на учителите и преподавателите. Педагогическа етика - Квалификация на учителите, положение в професията и обществото. Вж и 174 _b371.13/.16 _x _z371.13/.16 |
||
| 100 | 1 |
_aАндреев, Марин Лазаров _eпърви автор _9250125 |
|
| 139 |
_aАндреев, Марин Лазаров _bА 66 |
||
| 245 | 1 | 0 |
_aОценяването в училище _bДоцимология _cМарин Лазаров Андреев. |
| 257 | _aBGR | ||
| 260 |
_аСофия _bУнив. изд. Св. Климент Охридски _c1995 |
||
| 300 |
_a141 с. _bс табл., диагр. _c20 см |
||
| 380 | _a3 | ||
| 650 | 4 |
_aУченици - проверка и оценка на знанията _9250126 |
|
| 650 | 4 |
_aУчители - професионална дейност - проверка и оценка _9250127 |
|
| 653 | _aучилище | ||
| 653 | _aизпити | ||
| 653 | _aпроверки | ||
| 653 | _aдоцимология | ||
| 852 | _aЦб 182303 | ||
| 856 | 4 |
_qpdf _u |
|
| 856 | 4 |
_qpdf _u |
|
| 942 |
_cKNG _n0 _02 |
||
| 944 |
_aCR _c15.01.2003 _k30575 _lМартин Енчев |
||
| 944 |
_aED _c09.09.2005 _k |
||
| 999 |
_c5471 _d5471 |
||